000 00511nam a2200205Ia 4500
008 160803s9999 xx 000 0 und d
020 _a0 590401521
100 _aLord, Suzanne
245 2 _aA day in space /
245 _cby Suzanne Lord and Jolie Epstein.
260 _aNew York :
260 _bScholastic Inc.
260 _c1986
300 _a32 pages :
300 _bcolor illustrations ;
300 _c20 cm
650 _aAstronautics --
650 _xJuvenile literature.
700 _a480
999 _c299337
_d299337